000 00784nam a2200217Ia 4500
999 _c38808
_d38808
001 5171
003 GE_BSU
005 20190619143851.0
008 181216s1981||||ge |||||||||||||| ||geo||
040 _cGE_BSU
041 _ageo
080 _a7.01 ა-14
100 _aაბაშიძე, ლ.
_92576
245 _aესთეტიკური ეტიუდები /
_cლ. აბაშიძე ; რედ. ვ. გაგოშიძე
264 _aბათუმი :
_bსაბჭოთა აჭარა,
_c1981.
300 _a140 გვ. ;
_c20 სმ.
653 _aესთეტიკა
653 _aესთეტიკური ეტიუდები
700 _aგაგოშიძე, ვ.
_eრედაქტორი
_92592
942 _cBK
_2udc